| 000 | 00748cab a2200229 4500 | ||
|---|---|---|---|
| 001 | WB3423-26 | ||
| 008 | 090401t1998 xxu||||| |||| 00| 0 eng d | ||
| 035 | _a(Sirsi) u86872 | ||
| 041 | _aeng | ||
| 245 | _aProperty investment cut | ||
| 260 | _c1998 | ||
| 350 | _a0 | ||
| 490 |
_aFinancial Times _v17 June 1998, 12(1) |
||
| 520 | _aThe CBI/GVA Grimley`s "Survey of property trends Summer 1998 reveals that large companies are cutting back on property investment on the grounds that economic growth will slow down. | ||
| 650 | _aECONOMIC GROWTH | ||
| 650 | _aFORECASTS | ||
| 650 | _aINSTITUTIONAL INVESTMENT | ||
| 650 | _aPROPERTY CONFIDENCE | ||
| 690 | _aPROPERTY-PROPERTY FINANCE AND INVESTMENT | ||
| 942 | _n0 | ||
| 948 | _c17/06/1998 | ||
| 999 |
_c54704 _d54704 |
||